Top Pennsylvania Colleges and Universities - Statistics

General Stats
  • This quiz has been taken 660 times
  • The average score is 11 of 42
Answer Stats
Rank Answer % Correct
#93 Pennsylvania State University, University Park
95%
#193 University of Pittsburg
88%
#11 University of Pennsylvania
86%
#418 Temple University
72%
#364 Drexel University
60%
#42 Carnegie Mellon University
58%
#79 Villanova University
56%
#70 Lehigh University
54%
#48 Lafayette College
36%
#332 Duquesne University
35%
#6 Swarthmore College
35%
#468 La Salle University
29%
#227 St. Joseph's University
29%
#505 West Chester University of Pennsylvania
28%
#40 Bryn Mawr College
27%
#43 Haverford College
27%
#113 Gettysburg College
23%
#630 Indiana University of Pennsylvania
23%
#86 Franklin and Marshall College
19%
#104 Dickinson College
16%
#583 Millersville University
16%
#178 Juniata College
11%
#431 King's College
11%
#394 Susquehanna University
11%
#290 University of Scranton
11%
#181 Allegheny College
10%
#216 Muhlenberg College
10%
#588 Widener University
10%
#492 Lycoming College
9%
#263 Ursinus College
9%
#491 Albright College
8%
#192 Grove City College
8%
#347 Messiah College
8%
#333 Elizabethtown College
7%
#483 Moravian College
7%
#318 Lebanon Valley College
6%
#516 Immaculata University
5%
#629 Seton Hill University
5%
#372 St. Vincent College
5%
#592 Cedar Crest College
4%
#353 Washington & Jefferson College
2%
#406 Westminster College
2%
No matching quizzes found
Score Distribution
Percent of People with Each Score
Percentile by Number Answered
Your Score History
You have not taken this quiz